=LDR 00000nam 2200000 4500 =001 INLIS000000000009570 =005 20130612101347 =008 ***********************************Ind** =035 ##$$0010-061300000009570 =041 ##$$a Ind =082 ##$$a 657.07 =090 ##$$a 657.07, Set m =100 ##$$a Setyawan, Suharyanto =245 ##$$a Master Akutansi kelas 2 SMU Tengah Tahun Pertama, Suharyanto Setyawan =260 ##$$a 2001 $b Jakarta =300 ##$$a ... Jil, 30 cm =650 ##$$a Akutansi - Study dan Pengajaran =850 ##$$a NBPNMAT